[Event "Val Thorens op"]
[Site "Val Thorens"]
[Date "2002.07.23"]
[Round "5"]
[White "Groenez, Jean"]
[Black "Andreeva, Marija"]
[Result "1-0"]
[WhiteElo "1996"]
[BlackElo "2098"]
[PlyCount "55"]
[EventDate "2002.07.15"]
[EventType "swiss"]
[EventRounds "9"]
[EventCountry "FRA"]
[SourceTitle "EXT 2003"]
[Source "ChessBase"]
[SourceDate "2002.11.25"]
[SourceVersion "1"]
[SourceVersionDate "2002.11.25"]
[SourceQuality "1"]

1. d4 Nf6 2. Nf3 e6 3. e3 b6 4. Bd3 Bb7 5. Nbd2 c5 6. 0-0 Nc6 7. c3 Be7 8. a3 0-0 9. e4 d6 10. Re1 cxd4 11. cxd4 Nd7 12. b4 Bf6 13. Bb2 a6 14. Rc1 b5 15. Qe2 e5 16. Nb3 Rc8 17. d5 Ne7 18. Na5 Qb6 19. Rxc8 Rxc8 20. a4 Rb8 21. axb5 axb5 22. Bc1 Ba8 23. Be3 Qa6 24. Rc1 Bxd5 25. exd5 Nxd5 26. Rc6 Qa8 27. Bd2 Rb6 28. Qe4 1-0